| 000 | 00378nam a2200145Ia 4500 | ||
|---|---|---|---|
| 008 | 230312s9999||||xx |||||||||||||| ||und|| | ||
| 020 | _a0-443-06440-7 | ||
| 082 |
_a615.82 _bEDW-N |
||
| 100 | _aEdwards;Susan | ||
| 245 | 0 | _aNeurological Physiotherapy | |
| 260 |
_bChurchill Livingstone _aLondon _c2002 |
||
| 300 | _a293 | ||
| 650 |
_aPhysiotherapy _vPhysio therapy |
||
| 942 | _cBK | ||
| 999 |
_c10298 _d10298 |
||